000 00855nam a22002537a 4500
003 BUBTL
008 160118b xxu||||| |||| 00| 0 eng d
020 _a9780070634558
082 _a621.319/ M623m/ 2010
100 _9396
_aMillman,Jacob
245 _aMillman's Electronic Devices and Circuits /
_cJacob Millman, Christos C Halkias, Satyabrata Jit
250 _a2nd Edn.
260 _aNew Delhi:
_bMcGraw Hill,
_cc2007
300 _axviii,656 p.:
_bill.;
_c24 cm.
500 _aIncludes Index
505 _aMillman,Jacob, Electronic Devices And Circuits,Christos C Halkias, Satyabrata Jit
650 0 _9239
_aEEE
700 _94285
_aHalkias, Christos C
700 _94286
_aJit, Satyabrata
760 _b3rd
856 _k0
_l0
_yDownload
942 _2ddc
_cBK
_e3rd
999 _c6560
_d6560